| 000 | 00424nam a2200181Ia 4500 | ||
|---|---|---|---|
| 001 | 19731 | ||
| 005 | 20260306172714.0 | ||
| 008 | 260306t2006||||xx |||||||||||||| ||spa|| | ||
| 041 | _aESP | ||
| 082 |
_a341 _bM84 |
||
| 100 |
_aMonateri, P. G. _eAUT |
||
| 245 | 0 | _aLa invención del derecho privado | |
| 260 | _c2006 | ||
| 300 |
_a266 páginas : _c18 cm. |
||
| 650 | _aGEN | ||
| 654 | _aCDE | ||
| 942 |
_cLIB _dJUS _fJUS _2ddc _n |
||
| 999 |
_c19731 _d19731 |
||